[Event "World Blitz 2016"]
[Site "Doha QAT"]
[Date "2016.12.30"]
[Round "13.53"]
[White "Gashimov, Sarkhan"]
[Black "Hirneise, Jens"]
[Result "0-1"]
[BlackTitle "FM"]
[WhiteElo "2351"]
[BlackElo "2315"]
[WhiteFideId "13400657"]
[BlackFideId "24614734"]
[EventDate "2016.12.29"]

1. e4 c5 2. Nc3 Nc6 3. f4 g6 4. Nf3 Bg7 5. Bc4 e6 6. f5 Nge7 7. fxe6 fxe6 8. d3
d5 9. Bb3 b5 10. exd5 exd5 11. a4 b4 12. Ne2 O-O 13. O-O h6 14. Be3 Qd6 15. Qd2
Kh7 16. Rae1 Bg4 17. Bf4 Qd7 18. h3 Bxf3 19. Rxf3 g5 20. Bg3 Rxf3 21. gxf3 Qxh3
22. c3 Rf8 23. Rf1 bxc3 24. bxc3 Ne5 25. f4 gxf4 26. Rxf4 Nf3+ 27. Rxf3 Rxf3 28.
Qe1 Nf5 29. Bf2 Ne3 30. Bxe3 Rxe3 31. Bd1 Qg4+ 0-1

[Event "World Blitz 2016"]
[Site "Doha QAT"]
[Date "2016.12.30"]
[Round "13.54"]
[White "Stratonowitsch, Andre"]
[Black "khayat, Abdullah F"]
[Result "1-0"]
[WhiteElo "2138"]
[BlackElo "1732"]
[WhiteFideId "24613959"]
[BlackFideId "21500460"]
[EventDate "2016.12.29"]

1. e4 d5 2. exd5 Nf6 3. c4 c6 4. d4 cxd5 5. Nf3 Bg4 6. Nc3 e6 7. Be2 Be7 8. O-O
O-O 9. h3 Bh5 10. Bf4 Nbd7 11. c5 Rc8 12. b4 b6 13. Nb5 bxc5 14. bxc5 Ne4 15.
Nd2 Bxe2 16. Qxe2 a6 17. Nxe4 axb5 18. Nd6 Bxd6 19. Bxd6 Re8 20. Qxb5 1-0

[Event "World Blitz 2016"]
[Site "Doha QAT"]
[Date "2016.12.30"]
[Round "14.4"]
[White "Leko, Peter"]
[Black "Bosiocic, Marin"]
[Result "0-1"]
[WhiteTitle "GM"]
[BlackTitle "GM"]
[WhiteElo "2693"]
[BlackElo "2591"]
[WhiteFideId "703303"]
[BlackFideId "14507927"]
[EventDate "2016.12.29"]

1. e4 c5 2. Nf3 e6 3. d4 cxd4 4. Nxd4 Nc6 5. Nc3 Qc7 6. Be3 a6 7. Qf3 Bd6 8.
O-O-O Be5 9. g3 Nf6 10. Qe2 d6 11. Qd2 Ng4 12. Nxc6 bxc6 13. Bd4 d5 14. f4 Bxd4
15. Qxd4 Nf6 16. Qc5 Nd7 17. Qa3 Bb7 18. Bg2 Nf6 19. Rhe1 Rd8 20. Na4 Qe7 21.
Qxe7+ Kxe7 22. Nc5 Bc8 23. Rd4 Rhe8 24. Ra4 Nd7 25. Nxa6 Bxa6 26. Rxa6 Kd6 27.
Rd1 Kc7 28. exd5 exd5 29. Bh3 Nc5 30. Ra7+ Kb6 31. Rxf7 Re2 32. Rxg7 Rxh2 33.
Bf5 Re8 34. Rxh7 Rg2 35. g4 Ree2 36. Rh3 Ref2 37. b3 Rxf4 38. Rd2 Rf1+ 39. Rd1
Rff2 40. Re3 Kb5 41. Kb2 Kb4 42. Rd4+ Kb5 43. Rc3 Rd2 44. a4+ Kb6 45. Rb4+ Ka5
46. Rb8 Na6 47. Ra8 Kb6 48. a5+ Kb7 49. Rf8 d4 50. Rf7+ Nc7 51. Rc4 d3 52. a6+
Kb6 53. Be4 Rxc2+ 54. Rxc2 Rxc2+ 55. Ka3 Nb5+ 56. Ka4 Ra2+ 57. Kb4 c5+ 58. Kc4
Nd6+ 59. Kxd3 Nxf7 0-1

[Event "World Blitz 2016"]
[Site "Doha QAT"]
[Date "2016.12.30"]
[Round "14.6"]
[White "Grischuk, Alexander"]
[Black "Nepomniachtchi, Ian"]
[Result "1-0"]
[WhiteTitle "GM"]
[BlackTitle "GM"]
[WhiteElo "2737"]
[BlackElo "2767"]
[WhiteFideId "4126025"]
[BlackFideId "4168119"]
[EventDate "2016.12.29"]

1. e4 e5 2. Nf3 Nc6 3. Bb5 a6 4. Ba4 Nf6 5. O-O b5 6. Bb3 Be7 7. d4 exd4 8. e5
Ne4 9. Bd5 Nc5 10. Nxd4 Bb7 11. Nf5 Bf8 12. Nc3 g6 13. Nh6 Bxh6 14. Bxh6 Ne6 15.
Ne4 Qh4 16. Nf6+ Ke7 17. Bxe6 Nxe5 18. Bd5 Kxf6 19. Bxb7 Rab8 20. Bd2 Rxb7 21.
f4 Kg7 22. Bc3 d6 23. fxe5 b4 24. Qd5 c6 25. Qxc6 Rhb8 26. Be1 Qd4+ 27. Bf2 Qxe5
28. Rad1 Kg8 29. Bd4 Qe6 30. Rfe1 Qc8 31. Qxd6 Qf8 32. Qf6 1-0

[Event "World Blitz 2016"]
[Site "Doha QAT"]
[Date "2016.12.30"]
[Round "14.7"]
[White "Anand, Viswanathan"]
[Black "Salem, A.R. Saleh"]
[Result "1-0"]
[WhiteTitle "GM"]
[BlackTitle "GM"]
[WhiteElo "2779"]
[BlackElo "2656"]
[WhiteFideId "5000017"]
[BlackFideId "9301348"]
[EventDate "2016.12.29"]

1. e4 c5 2. Nf3 d6 3. d4 cxd4 4. Nxd4 Nf6 5. f3 e6 6. c4 Be7 7. Nc3 O-O 8. Be3
Nc6 9. Nc2 b6 10. Be2 Bb7 11. O-O Rc8 12. Qd2 Qc7 13. Rfd1 Rfd8 14. Rac1 Qb8 15.
Nd4 Ne5 16. b3 d5 17. exd5 exd5 18. Nf5 Ba3 19. Bd4 dxc4 20. Qg5 Ng6 21. Bxf6
gxf6 22. Qxf6 Bf8 23. Bxc4 Rxd1+ 24. Rxd1 Qc7 25. Nb5 Qc5+ 26. Kf1 Ne5 27. Rd7
Nxd7 28. Qxf7+ 1-0

[Event "World Blitz 2016"]
[Site "Doha QAT"]
[Date "2016.12.30"]
[Round "14.9"]
[White "Jobava, Baadur"]
[Black "Wojtaszek, Radoslaw"]
[Result "0-1"]
[WhiteTitle "GM"]
[BlackTitle "GM"]
[WhiteElo "2702"]
[BlackElo "2749"]
[WhiteFideId "13601520"]
[BlackFideId "1118358"]
[EventDate "2016.12.29"]

1. b3 d5 2. Bb2 Bf5 3. e3 h6 4. f4 e6 5. Nf3 Nf6 6. Nc3 Be7 7. d3 c5 8. h3 Nc6
9. g4 Bh7 10. Bg2 d4 11. exd4 cxd4 12. Ne2 Bb4+ 13. Kf2 Bc5 14. Qd2 O-O 15. a3
a5 16. Ng3 Nd5 17. Rhe1 Qc7 18. Ne5 Ne3 19. Bxc6 bxc6 20. Ne2 f6 21. Nc4 e5 22.
f5 g6 23. b4 Ba7 24. Nxa5 gxf5 25. gxf5 Kh8 26. Ng3 Rg8 27. Rg1 Rg5 28. Qe2 Rag8
29. Qf3 Bxf5 30. Qxc6 Qg7 31. Qf3 e4 32. dxe4 d3 33. Nc6 Nd1+ 34. Ke1 Nxb2 35.
Nxa7 Qxa7 36. Kd2 Nc4+ 37. Kc3 Ne5 38. Qf4 Qc7+ 39. Kd4 Nc6+ 40. Ke3 Rxg3+ 0-1

[Event "World Blitz 2016"]
[Site "Doha QAT"]
[Date "2016.12.30"]
[Round "14.10"]
[White "Korobov, Anton"]
[Black "Yu, Yangyi"]
[Result "1/2-1/2"]
[WhiteTitle "GM"]
[BlackTitle "GM"]
[WhiteElo "2692"]
[BlackElo "2729"]
[WhiteFideId "14105730"]
[BlackFideId "8603820"]
[EventDate "2016.12.29"]

1. d4 Nf6 2. Bf4 d5 3. e3 g6 4. Nf3 Bg7 5. h3 O-O 6. c3 c5 7. Nbd2 b6 8. a4 Nc6
9. Bd3 Bb7 10. O-O Nd7 11. Bg5 Qc7 12. Be2 e5 13. dxe5 Ndxe5 14. Nxe5 Nxe5 15.
Nf3 Nc4 16. Qc2 Nd6 17. Bf4 Qe7 18. a5 Ne4 19. Rfd1 h6 20. Nd2 d4 21. a6 Bd5 22.
Nf3 g5 23. Bh2 Nxf2 24. Kxf2 Qxe3+ 25. Kf1 Rfe8 26. cxd4 cxd4 27. Ra3 Qe7 28.
Nxd4 Bxd4 29. Rxd4 Bxg2+ 30. Kf2 Qf6+ 31. Rf4 gxf4 32. Kxg2 Kh8 33. Kf1 Re3 34.
Bf3 Rae8 35. Rxe3 fxe3 36. Ke2 Rd8 37. Qc7 Qxb2+ 38. Kxe3 Qd4+ 39. Ke2 Qd3+ 40.
Kf2 Qd2+ 41. Kf1 Qd3+ 42. Kf2 Qd2+ 43. Kf1 Qd3+ 44. Kf2 Qd4+ 45. Kf1 Qd3+ 46.
Kf2 Qd4+ 47. Kf1 Qd3+ 48. Kf2 Qd4+ 49. Kf1 Qd3+ 1/2-1/2

[Event "World Blitz 2016"]
[Site "Doha QAT"]
[Date "2016.12.30"]
[Round "14.11"]
[White "Cheparinov, Ivan"]
[Black "Aronian, Levon"]
[Result "1/2-1/2"]
[WhiteTitle "GM"]
[BlackTitle "GM"]
[WhiteElo "2689"]
[BlackElo "2785"]
[WhiteFideId "2905540"]
[BlackFideId "13300474"]
[EventDate "2016.12.29"]

1. d4 Nf6 2. c4 e6 3. Nf3 d5 4. g3 Bb4+ 5. Bd2 Be7 6. Bg2 Nbd7 7. Qc2 c6 8. O-O
O-O 9. Rd1 Ne4 10. Bf4 g5 11. Bc1 f5 12. Nc3 Qe8 13. Nxe4 fxe4 14. Nxg5 Nf6 15.
f3 Qh5 16. Nh3 e5 17. Nf2 exd4 18. Rxd4 Bc5 19. Be3 Qe5 20. Qd2 exf3 21. exf3
Re8 22. b4 Bb6 23. c5 Qxe3 24. cxb6 Qxd2 25. Rxd2 axb6 26. a4 c5 27. Nd3 c4 28.
Nf4 Be6 29. Ne2 Bd7 30. a5 bxa5 31. Rxa5 b6 32. Rxa8 Rxa8 33. Nc3 Be6 34. g4 Ra3
35. Nb5 Rb3 36. Nd4 Rb1+ 37. Kf2 Bf7 38. g5 Nd7 39. b5 Nc5 40. f4 Ne4+ 41. Bxe4
dxe4 42. f5 c3 43. Rc2 Rb2 44. Ke3 Rxc2 45. Nxc2 Bb3 46. Nd4 Bc4 47. Kxe4 Bxb5
48. h4 Bf1 49. h5 b5 50. g6 hxg6 51. hxg6 Kg7 52. Ke5 Bc4 53. Nc2 Bb3 54. Nd4
Bc4 55. Nc2 Bd3 56. Nb4 Bb1 57. Kd4 c2 58. Nd3 c1=Q 59. Nxc1 1/2-1/2

[Event "World Blitz 2016"]
[Site "Doha QAT"]
[Date "2016.12.30"]
[Round "14.14"]
[White "Adly, Ahmed"]
[Black "Khusnutdinov, Rustam"]
[Result "1/2-1/2"]
[WhiteTitle "GM"]
[BlackTitle "GM"]
[WhiteElo "2599"]
[BlackElo "2458"]
[WhiteFideId "10601619"]
[BlackFideId "13701703"]
[EventDate "2016.12.29"]

1. d4 Nf6 2. Nf3 g6 3. g3 Bg7 4. c4 c5 5. Bg2 O-O 6. O-O cxd4 7. Nxd4 d5 8. cxd5
Nxd5 9. Nc3 Nxc3 10. bxc3 Qc7 11. Qb3 Nc6 12. Nxc6 bxc6 13. Bf4 e5 14. Be3 Be6
15. c4 Qa5 16. Rab1 Qa6 17. Rfc1 Rac8 18. Bf3 Rfd8 19. Qb7 Bxc4 20. Qxa6 Bxa6
21. Bxa7 Bb5 22. Bb6 Re8 23. e3 e4 24. Bg4 f5 25. Bd1 Bd3 26. Rb4 h5 27. a4 Kh7
28. a5 h4 29. gxh4 Bf6 30. Bd4 Bxh4 31. Ba4 Re6 32. Rb7+ Kh6 33. Bb3 Re7 34.
Rxe7 Bxe7 35. Be6 Ra8 36. Rxc6 Rxa5 37. Bf7 Ra6 38. Rc8 Bf6 39. Bc4 1/2-1/2

[Event "World Blitz 2016"]
[Site "Doha QAT"]
[Date "2016.12.30"]
[Round "14.15"]
[White "Dreev, Aleksey"]
[Black "Melkumyan, Hrant"]
[Result "1/2-1/2"]
[WhiteTitle "GM"]
[BlackTitle "GM"]
[WhiteElo "2652"]
[BlackElo "2633"]
[WhiteFideId "4100107"]
[BlackFideId "13302485"]
[EventDate "2016.12.29"]

1. d4 d5 2. c4 c6 3. Nf3 Nf6 4. e3 Bf5 5. Nc3 e6 6. Nh4 Be4 7. f3 Bg6 8. Qb3 Qc7
9. Bd2 Be7 10. Nxg6 hxg6 11. O-O-O dxc4 12. Bxc4 b5 13. Bd3 a6 14. Ne4 c5 15.
dxc5 Nbd7 16. c6 Nxe4 17. Bxe4 Nc5 18. Qc2 Nxe4 19. Qxe4 Rc8 20. Bc3 Qxc6 21.
Qxc6+ Rxc6 22. Kb1 Bf6 23. Bb4 Rc4 24. a3 Be7 25. Bc3 Bxa3 26. Bxg7 Rh7 27. bxa3
Rxg7 28. Rc1 Ra4 29. Kb2 Ke7 30. Rc7+ Kf6 31. Rd1 Rh7 32. h3 b4 33. axb4 Rxb4+
34. Kc3 Ra4 35. Ra7 g5 36. Kb3 Ra5 37. Rd2 Rh8 38. Rb7 Ra1 39. Kb2 Rg1 40. Ka2
Rc8 41. Ra7 Rc6 42. Kb2 Kg6 43. Ka2 Rb6 44. Rc2 Rd1 45. Rcc7 Rd5 46. Rc3 Rd2+
47. Ka3 Rxg2 48. Rcc7 Re2 49. Rxf7 Rxe3+ 50. Ka2 Re5 51. Rg7+ Kh6 52. Rh7+ Kg6
53. Rhg7+ Kh6 54. Rh7+ Kg6 55. Rhg7+ 1/2-1/2

[Event "World Blitz 2016"]
[Site "Doha QAT"]
[Date "2016.12.30"]
[Round "14.16"]
[White "Inarkiev, Ernesto"]
[Black "Riazantsev, Alexander"]
[Result "1-0"]
[WhiteTitle "GM"]
[BlackTitle "GM"]
[WhiteElo "2709"]
[BlackElo "2671"]
[WhiteFideId "4162722"]
[BlackFideId "4125029"]
[EventDate "2016.12.29"]

1. d4 Nf6 2. c4 e6 3. Nf3 d5 4. g3 Bb4+ 5. Bd2 Be7 6. Bg2 O-O 7. O-O Nbd7 8. Qc2
c6 9. Rd1 b6 10. Bf4 Bb7 11. Ne5 Rc8 12. Nc3 Nh5 13. Bd2 f5 14. Qa4 Nxe5 15.
dxe5 a6 16. cxd5 cxd5 17. e3 b5 18. Qb3 g6 19. Ne2 Bc6 20. Nd4 Bd7 21. Bb4 Ng7
22. Rac1 Rc4 23. Bxe7 Qxe7 24. Bf1 Rcc8 25. Rc3 Rxc3 26. Qxc3 Rc8 27. Qa5 Qc5
28. Qxa6 b4 29. a3 h6 30. Qb7 Ba4 31. axb4 Qf8 32. Ra1 Rb8 33. Qa6 Bd7 34. b5
Qc5 35. Qa7 Qc8 36. Rc1 Qxc1 37. Qxb8+ Kh7 38. b6 Qxb2 39. Qc7 Bc8 40. Qxc8 Qxb6
41. Qd7 g5 42. Qd6 1-0

[Event "World Blitz 2016"]
[Site "Doha QAT"]
[Date "2016.12.30"]
[Round "14.18"]
[White "Bu, Xiangzhi"]
[Black "Matlakov, Maxim"]
[Result "1/2-1/2"]
[WhiteTitle "GM"]
[BlackTitle "GM"]
[WhiteElo "2705"]
[BlackElo "2694"]
[WhiteFideId "8601445"]
[BlackFideId "4168003"]
[EventDate "2016.12.29"]

1. Nf3 Nf6 2. c4 b6 3. d4 e6 4. g3 Ba6 5. b3 Bb4+ 6. Bd2 Be7 7. Bg2 O-O 8. O-O
d5 9. cxd5 exd5 10. Nc3 Re8 11. Qc2 c5 12. Rfd1 Nc6 13. Bg5 h6 14. Bxf6 Bxf6 15.
e3 cxd4 16. Nxd4 Nxd4 17. exd4 Rc8 18. Qd2 Bb7 19. Qd3 Qd7 20. h4 Re7 21. Re1
Rce8 22. Rxe7 Rxe7 23. Rd1 Re8 24. Kh2 Bc6 25. Rd2 Qd6 26. h5 Qd7 27. Re2 Rxe2
28. Nxe2 Bb5 29. Qe3 Bxe2 30. Qxe2 Bxd4 31. Qf3 Qe7 32. Qxd5 Bxf2 33. Qa8+ Kh7
34. Qe4+ Qxe4 35. Bxe4+ g6 36. hxg6+ fxg6 37. g4 Kg7 38. Kg2 Bc5 39. a4 Kf6 40.
Kf3 Kg5 41. Bd5 h5 42. gxh5 gxh5 43. Kg2 h4 44. Kh3 Be7 45. Bc4 Kf4 46. Bd5 Ke5 1/2-1/2

[Event "World Blitz 2016"]
[Site "Doha QAT"]
[Date "2016.12.30"]
[Round "14.19"]
[White "Bortnyk, Olexandr"]
[Black "Jakovenko, Dmitry"]
[Result "1-0"]
[WhiteTitle "GM"]
[BlackTitle "GM"]
[WhiteElo "2581"]
[BlackElo "2704"]
[WhiteFideId "14120828"]
[BlackFideId "4122356"]
[EventDate "2016.12.29"]

1. e4 e5 2. Nf3 Nc6 3. Bb5 Nf6 4. Qe2 Bc5 5. c3 O-O 6. O-O Re8 7. d3 a6 8. Ba4
b5 9. Bb3 d6 10. h3 h6 11. Rd1 Bb6 12. Nbd2 Ne7 13. Nf1 Ng6 14. Be3 Bxe3 15.
fxe3 c6 16. Ng3 Be6 17. Rf1 a5 18. Bc2 d5 19. exd5 cxd5 20. d4 e4 21. Nd2 Nd7
22. Nh5 Qg5 23. Kh2 f5 24. Nf4 Nxf4 25. exf4 Qf6 26. Qxb5 Rab8 27. Qxa5 Rxb2 28.
Rac1 Nf8 29. Qa3 Reb8 30. Nb3 Rxc2 31. Rxc2 Ng6 32. Qd6 Rd8 33. Qb6 Re8 34. Nc5
Nh4 35. a4 g5 36. Qc6 Re7 37. Nxe6 Rxe6 38. Qxd5 Kg7 39. Rb2 e3 40. Re2 Re4 41.
fxg5 Qxg5 42. a5 Qf6 43. Qxe4 1-0

[Event "World Blitz 2016"]
[Site "Doha QAT"]
[Date "2016.12.30"]
[Round "14.20"]
[White "Artemiev, Vladislav"]
[Black "Li, Chao b"]
[Result "1-0"]
[WhiteTitle "GM"]
[BlackTitle "GM"]
[WhiteElo "2653"]
[BlackElo "2720"]
[WhiteFideId "24101605"]
[BlackFideId "8604436"]
[EventDate "2016.12.29"]

1. b3 Nf6 2. Bb2 g6 3. g3 Bg7 4. Bg2 d5 5. Nf3 c5 6. c4 d4 7. b4 O-O 8. O-O Nc6
9. b5 Na5 10. d3 Qc7 11. Nbd2 e5 12. Ng5 h6 13. Nge4 Nxe4 14. Nxe4 Be6 15. Nd2
Rae8 16. Nb3 Nxb3 17. axb3 b6 18. b4 cxb4 19. Qa4 Re7 20. Qxb4 Rc8 21. Ra6 Bf8
22. Rfa1 Qd8 23. Qa4 Rcc7 24. Ba3 Red7 25. Bc6 Bg7 26. Bxd7 Qxd7 27. Bb2 e4 28.
Rxa7 exd3 29. Rxc7 Qxc7 30. exd3 Bf5 31. Qa8+ Kh7 32. Qd5 Be6 33. Qe4 Bf5 34.
Qe2 h5 35. h4 Bg4 36. Qe4 Bf5 37. Qf3 Be5 38. Re1 Qc5 39. Qd5 Qxd5 40. cxd5 Bf6
41. d6 Bd7 42. Re4 Bxb5 43. Bxd4 Bd8 44. Re1 Bxd3 45. Re8 1-0

[Event "World Blitz 2016"]
[Site "Doha QAT"]
[Date "2016.12.30"]
[Round "14.21"]
[White "Henriquez Villagra, Cristobal"]
[Black "Amonatov, Farrukh"]
[Result "1/2-1/2"]
[WhiteTitle "IM"]
[BlackTitle "GM"]
[WhiteElo "2517"]
[BlackElo "2620"]
[WhiteFideId "3409350"]
[BlackFideId "14700077"]
[EventDate "2016.12.29"]

1. e4 c5 2. Nf3 d6 3. Bb5+ Nd7 4. O-O Nf6 5. Re1 e6 6. c3 a6 7. Bd3 Be7 8. Bc2
Ne5 9. d4 Nxf3+ 10. Qxf3 O-O 11. dxc5 dxc5 12. Bf4 Bd7 13. Na3 b5 14. Rad1 Qc8
15. Bd6 Bxd6 16. Rxd6 Bc6 17. Qe3 Bb7 18. Red1 Qc7 19. c4 b4 20. Nb1 Rad8 21. e5
Rxd6 22. Rxd6 Ng4 23. Qg3 Nh6 24. Nd2 Nf5 25. Bxf5 exf5 26. Nb3 Re8 27. h4 a5
28. h5 a4 29. h6 g6 30. Nc1 Qe7 31. Nd3 Rc8 32. f3 f6 33. Rxf6 Rd8 34. Rd6 Rxd6
35. exd6 Qe3+ 36. Nf2 Qc1+ 37. Kh2 Qxh6+ 38. Nh3 Qg7 39. b3 a3 40. Qg5 h6 41.
Qd8+ Qf8 42. Qc7 Bc8 43. d7 Bxd7 44. Qxd7 Qb8+ 45. f4 Qf8 46. Qd5+ Kh7 47. Ng1
Qb8 48. g3 Qe8 49. Qxc5 Qe1 50. Qc7+ Kg8 51. Qd8+ Kh7 52. Qd7+ Kg8 53. Qd5+ Kh7
54. Qf7+ Kh8 55. Qxg6 Qf2+ 56. Kh1 Qxa2 57. Qxh6+ Kg8 58. Qg5+ Kh8 59. Qf6+ Kg8
60. Qe6+ Kh8 61. Qe5+ Kg8 62. Qe6+ Kh8 63. Qh6+ Kg8 64. Qg6+ Kh8 1/2-1/2

[Event "World Blitz 2016"]
[Site "Doha QAT"]
[Date "2016.12.30"]
[Round "14.22"]
[White "Onischuk, Vladimir"]
[Black "Bologan, Victor"]
[Result "1-0"]
[WhiteTitle "GM"]
[BlackTitle "GM"]
[WhiteElo "2601"]
[BlackElo "2640"]
[WhiteFideId "14114038"]
[BlackFideId "13900048"]
[EventDate "2016.12.29"]

1. e4 g6 2. d4 Bg7 3. Nc3 c6 4. f4 d5 5. e5 Nh6 6. Nf3 Qb6 7. Na4 Qa5+ 8. c3 Bg4
9. Nc5 Qc7 10. h3 Bxf3 11. Qxf3 b6 12. Nb3 e6 13. g4 O-O 14. h4 Nd7 15. h5 f6
16. exf6 Nxf6 17. hxg6 Nfxg4 18. Bh3 e5 19. Bxg4 exf4 20. Bd2 Rae8+ 21. Kd1 hxg6
22. Kc2 Qd6 23. Rag1 g5 24. Bh5 Qf6 25. Bxe8 Rxe8 26. Qh5 Nf7 27. Nc1 f3 28. Nd3
Qf5 29. Qg4 1-0

[Event "World Blitz 2016"]
[Site "Doha QAT"]
[Date "2016.12.30"]
[Round "14.23"]
[White "Mareco, Sandro"]
[Black "Lu, Shanglei"]
[Result "0-1"]
[WhiteTitle "GM"]
[BlackTitle "GM"]
[WhiteElo "2635"]
[BlackElo "2627"]
[WhiteFideId "112275"]
[BlackFideId "8603332"]
[EventDate "2016.12.29"]

1. Nf3 Nf6 2. c4 e6 3. g3 d5 4. Bg2 Be7 5. O-O O-O 6. d4 dxc4 7. Qc2 a6 8. Qxc4
b5 9. Qc2 Bb7 10. Bd2 Nbd7 11. Ba5 Nb6 12. Nbd2 Rc8 13. Qd3 Bd5 14. b3 h6 15.
Rac1 Ba3 16. Rc2 Be7 17. e4 Bb7 18. Qe3 Nfd7 19. Rfc1 Ba3 20. Rd1 Bd6 21. Nb1
Qe7 22. Rdc1 f5 23. exf5 Bxf3 24. Bxf3 Rxf5 25. Be4 Rf6 26. f4 Rcf8 27. Nd2 Qf7
28. Bg2 Kh8 29. Ne4 Nd5 30. Qe1 Rf5 31. Bh3 Ba3 32. Rd1 Rh5 33. Bg4 Rf5 34. Bxc7
Qg6 35. Qe2 Rxf4 36. Bxf4 Nxf4 37. gxf4 h5 38. Rc7 Nb6 39. Ng5 Rxf4 40. Nh3
Rxg4+ 41. Kh1 Nd5 42. Rc6 Rh4 43. Rxe6 Qf5 44. Re8+ Kh7 45. Ng1 Bd6 46. Nf3 Rh3
47. Rg1 Qxf3+ 48. Qxf3 Rxf3 49. Re6 Bf4 50. Rxa6 Ne3 51. Ra7 Ng4 52. Re1 Rf2 53.
Ree7 Rxh2+ 54. Kg1 Bh6 55. d5 Rd2 56. Rad7 Be3+ 57. Kf1 Nh2+ 0-1

[Event "World Blitz 2016"]
[Site "Doha QAT"]
[Date "2016.12.30"]
[Round "14.24"]
[White "Volokitin, Andrei"]
[Black "Vitiugov, Nikita"]
[Result "1/2-1/2"]
[WhiteTitle "GM"]
[BlackTitle "GM"]
[WhiteElo "2649"]
[BlackElo "2726"]
[WhiteFideId "14107090"]
[BlackFideId "4152956"]
[EventDate "2016.12.29"]

1. e4 c5 2. Nf3 e6 3. d4 cxd4 4. Nxd4 Bc5 5. Nc3 Qb6 6. Na4 Qa5+ 7. c3 Bxd4 8.
Qxd4 Nf6 9. Nc5 Nc6 10. Qd6 b6 11. Nb3 Qe5 12. Qxe5 Nxe5 13. f3 d5 14. exd5 Nxd5
15. Bd2 Bb7 16. c4 Nf6 17. Bc3 Ng6 18. Nd4 O-O 19. O-O-O Rfd8 20. Rd2 e5 21. Nf5
Rxd2 22. Bxd2 Rd8 23. Be2 Bc8 24. Ng3 Nf4 25. Bxf4 exf4 26. Nf1 Re8 27. Kd1 Bf5
28. Nd2 Bc2+ 29. Kxc2 Rxe2 30. Rg1 Kf8 31. Kd1 Re5 32. Re1 Rg5 33. Re2 b5 34. b3
bxc4 35. bxc4 Nd7 36. Nb3 h5 37. Kc2 h4 38. h3 f6 39. Kc3 Kf7 40. Kb4 Ne5 41. c5
a6 42. Rd2 Ke7 43. Nd4 Kd7 44. Nf5+ Kc7 45. Nd4 Nc6+ 46. Nxc6 Kxc6 47. Rd6+ Kc7
48. Rd2 Kc6 49. Rd6+ Kc7 50. Rd2 Kc6 51. Rd6+ Kc7 52. Rd2 1/2-1/2

[Event "World Blitz 2016"]
[Site "Doha QAT"]
[Date "2016.12.30"]
[Round "14.25"]
[White "Amin, Bassem"]
[Black "Atabayev, Maksat"]
[Result "1/2-1/2"]
[WhiteTitle "GM"]
[BlackTitle "GM"]
[WhiteElo "2662"]
[BlackElo "2492"]
[WhiteFideId "10601457"]
[BlackFideId "14001101"]
[EventDate "2016.12.29"]

1. e4 c5 2. Nf3 Nc6 3. d3 g6 4. g3 Bg7 5. Bg2 Nf6 6. O-O O-O 7. Re1 d6 8. c3 Rb8
9. a4 Bg4 10. h3 Bxf3 11. Qxf3 Nd7 12. Be3 a6 13. Rd1 b5 14. axb5 axb5 15. d4
cxd4 16. cxd4 e5 17. dxe5 Ndxe5 18. Qe2 Nc4 19. Nc3 Nxe3 20. Qxe3 Ne5 21. b3 Qc7
22. Nd5 Qc5 23. Rac1 Qxe3 24. Nxe3 Rfd8 25. f4 Nd7 26. Rxd6 Bf8 27. Rd5 b4 28.
Kf2 Nb6 29. Rxd8 Rxd8 30. Ke2 h5 31. e5 h4 32. g4 Rd4 33. Rc6 Nd7 34. Nd5 Nc5
35. f5 gxf5 36. gxf5 Nxb3 37. e6 Rxd5 38. exf7+ Kh8 39. Bxd5 Nd4+ 40. Kd3 Nxc6
41. Bxc6 Kg7 42. Bd5 Bd6 43. Ke4 Kf6 44. Be6 Be7 45. Kf4 Kg7 46. Kg4 Bd8 47. Bb3
Be7 48. Kf4 Kf6 49. Bc4 Kg7 50. Ke5 Bf8 51. Ke6 Bc5 52. f6+ Kf8 53. Kf5 Bf2 54.
Kg5 Bg3 55. Bb3 Bf2 56. Kh5 Be1 57. Kg5 Bf2 1/2-1/2

[Event "World Blitz 2016"]
[Site "Doha QAT"]
[Date "2016.12.30"]
[Round "14.26"]
[White "Pantsulaia, Levan"]
[Black "Mchedlishvili, Mikheil"]
[Result "0-1"]
[WhiteTitle "GM"]
[BlackTitle "GM"]
[WhiteElo "2607"]
[BlackElo "2601"]
[WhiteFideId "13602071"]
[BlackFideId "13600966"]
[EventDate "2016.12.29"]

1. Nf3 d5 2. g3 Bg4 3. Bg2 c6 4. d3 Nd7 5. O-O e6 6. c4 Ngf6 7. Be3 Bc5 8. Bxc5
Nxc5 9. Qc2 Ncd7 10. Nbd2 O-O 11. b4 Rc8 12. Nb3 Qe7 13. Qc3 e5 14. a3 e4 15.
dxe4 dxe4 16. Nfd2 c5 17. e3 b6 18. h3 Bf5 19. b5 h5 20. a4 Ne5 21. a5 Qe6 22.
Kh2 Rcd8 23. axb6 axb6 24. Ra6 Rd6 25. Rfa1 Rfd8 26. Ra8 h4 27. Rxd8+ Rxd8 28.
g4 Bxg4 29. hxg4 Nexg4+ 30. Kg1 Qf5 31. Rf1 h3 32. Bxh3 Qh5 33. Kg2 Qg6 34. Rg1
Rd3 35. Qa1 Nxe3+ 36. Kh1 Neg4 37. Bxg4 Nxg4 38. Rg2 Qh5+ 39. Kg1 Rh3 40. Qa8+
Kh7 41. Kf1 f5 42. Qd5 Rh1+ 43. Rg1 Rxg1+ 44. Ke2 Nf6+ 0-1

[Event "World Blitz 2016"]
[Site "Doha QAT"]
[Date "2016.12.30"]
[Round "14.27"]
[White "Lalith, Babu M R"]
[Black "Tomashevsky, Evgeny"]
[Result "0-1"]
[WhiteTitle "GM"]
[BlackTitle "GM"]
[WhiteElo "2587"]
[BlackElo "2716"]
[WhiteFideId "5024595"]
[BlackFideId "4147235"]
[EventDate "2016.12.29"]

1. Nf3 Nf6 2. c4 b6 3. g3 Bb7 4. Bg2 c5 5. O-O g6 6. Nc3 Bg7 7. d4 cxd4 8. Qxd4
d6 9. Rd1 Nbd7 10. Be3 Rc8 11. Rac1 O-O 12. Qh4 a6 13. b3 Rc7 14. Ne1 Qa8 15.
Bxb7 Qxb7 16. Ng2 Rc6 17. Nd5 Nxd5 18. cxd5 Rxc1 19. Rxc1 Nf6 20. Nf4 Rc8 21.
Rc4 b5 22. Rxc8+ Qxc8 23. Nd3 Nxd5 24. Qe4 e6 25. Bf4 Nxf4 26. Qxf4 d5 27. Qd6
Bf8 28. Qb6 Qc2 29. Qxa6 Qxe2 30. Qxb5 Qxa2 31. h4 h5 32. Ne5 Qa1+ 0-1

[Event "World Blitz 2016"]
[Site "Doha QAT"]
[Date "2016.12.30"]
[Round "14.28"]
[White "Nguyen, Ngoc Truong Son"]
[Black "Ganguly, Surya Shekhar"]
[Result "1/2-1/2"]
[WhiteTitle "GM"]
[BlackTitle "GM"]
[WhiteElo "2629"]
[BlackElo "2668"]
[WhiteFideId "12401110"]
[BlackFideId "5002150"]
[EventDate "2016.12.29"]

1. d4 Nf6 2. Nf3 d5 3. Bf4 e6 4. e3 c5 5. c3 Nc6 6. Nbd2 cxd4 7. exd4 Nh5 8. Be3
Bd6 9. Ne5 g6 10. Nd3 O-O 11. Be2 Ng7 12. O-O Qc7 13. g3 Nf5 14. Bf4 b6 15. Nf3
Ba6 16. Re1 Rac8 17. Qd2 Rfe8 18. Bxd6 Nxd6 19. Qh6 f6 20. Nf4 Bxe2 21. Rxe2 Qf7
22. Rae1 Ne4 23. Qh3 g5 24. Nd3 Ne7 25. Qg2 Nf5 26. Nd2 Nxd2 27. Rxd2 Re7 28.
Rde2 Rce8 29. Qf3 Nd6 30. h4 gxh4 31. Qg4+ Qg6 32. Qxg6+ hxg6 33. Nf4 Kf7 34.
gxh4 Nf5 35. h5 gxh5 36. Kh2 h4 37. Kh3 Nd6 38. Rg1 Ne4 39. Rg4 Rg8 40. Rxg8
Kxg8 41. Kxh4 Rh7+ 42. Kg4 Kf7 43. Kf3 Rh1 44. c4 Ng5+ 45. Kg2 Rd1 46. cxd5 exd5
47. Nxd5 Rxd4 48. Re7+ Kg6 49. Ne3 Rd2 50. Rxa7 Rxb2 51. Nc4 Rb4 52. Ne3 Rb2 53.
Nc4 Rb4 54. Ne3 Rb2 55. Nc4 1/2-1/2